Caribbean Countries - Statistics

General Stats
  • This quiz has been taken 9,518 times
    9,517 since last reset
  • The average score is 11 of 13
Answer Stats
Answer % Correct
Cuba
94%
Dominica
94%
Jamaica
94%
Haiti
93%
Bahamas
90%
Dominican Republic
90%
Barbados
89%
Trinidad and Tobago
89%
Antigua and Barbuda
87%
St. Lucia
83%
St. Kitts and Nevis
82%
Grenada
79%
St. Vincent and the Grenadines
79%
No matching quizzes found
Score Distribution
Percent of People with Each Score
Percentile by Number Answered
Your Score History
You have not taken this quiz since the last reset